[Event "Oberliga Ost A"]
[Site "?"]
[Date "2022.04.02"]
[Round "10.5"]
[White "Bauer, Timon"]
[Black "Gehmlich, Marcel"]
[Result "1/2-1/2"]
[WhiteElo "1869"]
[BlackElo "2188"]
[PlyCount "74"]
[EventDate "2021.10.10"]
[EventType "team-tourn"]
[EventCountry "GER"]
[WhiteTeam "Leipzig VfB"]
[BlackTeam "Dresden SG Gruen Weiss"]
[WhiteTeamCountry "GER"]
[BlackTeamCountry "GER"]

1. d4 Nf6 2. Nc3 d6 3. e4 g6 4. Nf3 Bg7 5. Be2 O-O 6. O-O c6 7. a4 Qc7 8. h3 e5
9. Be3 Nbd7 10. Qd2 exd4 11. Nxd4 Nc5 12. f3 Rd8 13. b4 Ne6 14. Nb3 d5 15. e5
Qxe5 16. f4 Qc7 17. Rad1 Ne4 18. Nxe4 dxe4 19. Qe1 Rxd1 20. Qxd1 Qe7 21. Qe1 b6
22. Bc4 Nc7 23. Nd4 c5 24. Nc6 Qd6 25. b5 Be6 26. Bxe6 Nxe6 27. f5 Nd8 28. Bf4
Qd7 29. Qxe4 Nxc6 30. bxc6 Qd4+ 31. Qxd4 Bxd4+ 32. Kh1 Rc8 33. c7 f6 34. Rd1
Kf7 35. c3 Be5 36. Bxe5 fxe5 37. fxg6+ hxg6 1/2-1/2

[Event "Oberliga Ost A"]
[Site "?"]
[Date "2022.04.02"]
[Round "10.6"]
[White "Kunze, Christopher"]
[Black "Kirchhof, Michael"]
[Result "1/2-1/2"]
[WhiteElo "2118"]
[BlackElo "2049"]
[PlyCount "51"]
[EventDate "2021.10.10"]
[EventType "team-tourn"]
[EventCountry "GER"]
[WhiteTeam "Dresden SG Gruen Weiss"]
[BlackTeam "Leipzig VfB"]
[WhiteTeamCountry "GER"]
[BlackTeamCountry "GER"]

1. e4 e5 2. Nc3 Nf6 3. Bc4 Bc5 4. d3 c6 5. f4 d6 6. Nf3 Bg4 7. fxe5 Bxf3 8.
Qxf3 dxe5 9. Qg3 Qe7 10. Be3 Bxe3 11. Qxe3 Nbd7 12. O-O b5 13. Bb3 Qc5 14. Qxc5
Nxc5 15. Rf5 Ncd7 16. a4 b4 17. Nd1 Rf8 18. Ne3 g6 19. Rf3 Nh5 20. g3 Ke7 21.
a5 f6 22. Bc4 Ng7 23. Rf2 Ne6 24. Kg2 Rab8 25. h4 h5 26. Rd1 1/2-1/2

[Event "Oberliga Ost A"]
[Site "?"]
[Date "2022.04.02"]
[Round "10.7"]
[White "Gerhardt, Dirk"]
[Black "Hutsch, Oliver"]
[Result "0-1"]
[WhiteElo "1814"]
[BlackElo "2142"]
[PlyCount "84"]
[EventDate "2021.10.10"]
[EventType "team-tourn"]
[EventCountry "GER"]
[WhiteTeam "Leipzig VfB"]
[BlackTeam "Dresden SG Gruen Weiss"]
[WhiteTeamCountry "GER"]
[BlackTeamCountry "GER"]

1. d4 Nf6 2. Nf3 e6 3. Bg5 Be7 4. Nbd2 d5 5. e3 Nbd7 6. Bd3 c6 7. c3 O-O 8. O-O
Re8 9. Ne5 Nxe5 10. dxe5 Nd7 11. Bxe7 Qxe7 12. f4 Nf8 13. Qh5 g6 14. Qh6 Nd7
15. h4 Qf8 16. Qxf8+ Kxf8 17. h5 b6 18. Kf2 Nc5 19. Bc2 Ba6 20. Rh1 Bd3 21.
Rac1 a5 22. Kg3 Ke7 23. hxg6 hxg6 24. Nb3 Ne4+ 25. Kf3 Bxc2 26. Rxc2 g5 27. g4
gxf4 28. exf4 Rh8 29. Rch2 Rxh2 30. Rxh2 c5 31. Na1 b5 32. Nc2 Rc8 33. Ne3 c4
34. f5 Nc5 35. f6+ Kd7 36. g5 Rg8 37. Rh7 Ke8 38. Rg7 Kf8 39. Rxg8+ Kxg8 40.
Ng4 Kh7 41. Nf2 Kg6 42. Kg4 Nd3 0-1

[Event "Oberliga Ost A"]
[Site "?"]
[Date "2022.04.02"]
[Round "10.8"]
[White "Salewski, Bernd"]
[Black "Alvermann, Christian"]
[Result "1-0"]
[WhiteElo "1964"]
[BlackElo "1820"]
[PlyCount "37"]
[EventDate "2021.10.10"]
[EventType "team-tourn"]
[EventCountry "GER"]
[WhiteTeam "Dresden SG Gruen Weiss"]
[BlackTeam "Leipzig VfB"]
[WhiteTeamCountry "GER"]
[BlackTeamCountry "GER"]

1. d4 Nf6 2. Nc3 g6 3. e4 d6 4. Bg5 Nbd7 5. Qd2 c6 6. f4 h6 7. Bh4 Qa5 8. Nf3
Bg7 9. Bd3 O-O 10. O-O e5 11. fxe5 dxe5 12. Nxe5 Nxe5 13. Bxf6 Bxf6 14. Rxf6
Ng4 15. Rf3 Qb6 16. Ne2 Qxb2 17. Raf1 Qb6 18. Kh1 f5 19. h3 1-0

[Event "Oberliga Ost A"]
[Site "?"]
[Date "2022.04.02"]
[Round "10.2"]
[White "Hoepfl, Thomas"]
[Black "Richter, Leonard"]
[Result "1-0"]
[WhiteElo "2266"]
[BlackElo "2298"]
[PlyCount "71"]
[EventDate "2021.10.10"]
[EventType "team-tourn"]
[EventCountry "GER"]
[WhiteTeam "Halle USV"]
[BlackTeam "Leipzig SG"]
[WhiteTeamCountry "GER"]
[BlackTeamCountry "GER"]

1. e4 c5 2. Nf3 d6 3. d4 cxd4 4. Nxd4 Nf6 5. Nc3 a6 6. Bg5 e6 7. f4 Nbd7 8. Qf3
Qc7 9. O-O-O Be7 10. g4 b5 11. Bxf6 Nxf6 12. g5 Nd7 13. f5 Bxg5+ 14. Kb1 Nc5
15. fxe6 O-O 16. Qg3 fxe6 17. Qxg5 b4 18. Nd5 Qf7 19. Ne7+ Kh8 20. Nxc8 Raxc8
21. Bd3 Qf2 22. Qg1 Qf6 23. Qe3 Qe5 24. Nf3 Rxf3 25. Qxf3 Na4 26. Kc1 Qxb2+ 27.
Kd2 Qd4 28. Ke1 Nc3 29. Bxa6 Nxd1 30. Bxc8 h6 31. Bxe6 Ne3 32. Qf8+ Kh7 33.
Bg8+ Kg6 34. Rg1+ Kh5 35. Qf3+ Kh4 36. Qg3+ 1-0

[Event "Oberliga Ost A"]
[Site "?"]
[Date "2022.04.02"]
[Round "10.3"]
[White "Nguyen, Alex Dac Vuong"]
[Black "Schulte, Felix"]
[Result "1-0"]
[WhiteElo "2305"]
[BlackElo "2182"]
[PlyCount "69"]
[EventDate "2021.10.10"]
[EventType "team-tourn"]
[EventCountry "GER"]
[WhiteTeam "Leipzig SG"]
[BlackTeam "Halle USV"]
[WhiteTeamCountry "GER"]
[BlackTeamCountry "GER"]

1. e4 c5 2. Ne2 e5 3. Nbc3 Nf6 4. g3 d5 5. exd5 Nxd5 6. Bg2 Be6 7. O-O Nc6 8.
d3 Be7 9. f4 Nxc3 10. Nxc3 Qc7 11. Qf3 Nd4 12. Qxb7 Qxb7 13. Bxb7 Rb8 14. Bg2
Nxc2 15. Rb1 Nb4 16. f5 Bc8 17. a3 Nxd3 18. Be3 O-O 19. Nd5 Bd6 20. b3 Ba6 21.
Rfd1 c4 22. bxc4 Rxb1 23. Rxb1 Bxc4 24. Bxa7 Bxa3 25. Ne3 Ba2 26. Ra1 Nc1 27.
Nd1 Rd8 28. Nc3 Rd2 29. Be3 Ne2+ 30. Kf2 Nxc3+ 31. Bxd2 Bc5+ 32. Ke1 Bd5 33.
Bxd5 Nxd5 34. Ra8+ Bf8 35. Rd8 1-0

[Event "Oberliga Ost A"]
[Site "?"]
[Date "2022.04.02"]
[Round "10.4"]
[White "Reipsch, Jens"]
[Black "Heistermann, Till"]
[Result "1/2-1/2"]
[WhiteElo "2242"]
[BlackElo "2195"]
[PlyCount "31"]
[EventDate "2021.10.10"]
[EventType "team-tourn"]
[EventCountry "GER"]
[WhiteTeam "Halle USV"]
[BlackTeam "Leipzig SG"]
[WhiteTeamCountry "GER"]
[BlackTeamCountry "GER"]

1. e4 d6 2. d4 e5 3. dxe5 dxe5 4. Qxd8+ Kxd8 5. Bc4 b6 6. Be3 Nd7 7. Nc3 c6 8.
a4 Bc5 9. Bxc5 Nxc5 10. O-O-O+ Kc7 11. Nge2 Be6 12. Bxe6 Nxe6 13. Rd2 Nf6 14.
Rhd1 Rad8 15. Rxd8 Rxd8 16. Rxd8 1/2-1/2

[Event "Oberliga Ost A"]
[Site "?"]
[Date "2022.04.02"]
[Round "10.5"]
[White "Roesemann, Rainer"]
[Black "Sukaylo, Aleksey"]
[Result "1-0"]
[WhiteElo "2262"]
[BlackElo "2107"]
[PlyCount "77"]
[EventDate "2021.10.10"]
[EventType "team-tourn"]
[EventCountry "GER"]
[WhiteTeam "Leipzig SG"]
[BlackTeam "Halle USV"]
[WhiteTeamCountry "GER"]
[BlackTeamCountry "GER"]

1. c4 Nf6 2. g3 e6 3. Bg2 d5 4. Nf3 dxc4 5. O-O Nbd7 6. Qa4 c5 7. Qxc4 b6 8. d4
Bb7 9. Nc3 a6 10. Rd1 b5 11. Qb3 c4 12. Qc2 b4 13. Nb1 Rc8 14. Bg5 Qa5 15. Nbd2
Qb5 16. Bxf6 gxf6 17. e4 c3 18. bxc3 Rxc3 19. Qb2 Nb6 20. d5 Na4 21. Qb1 Bc5
22. Nb3 Ba7 23. Nfd4 Qb6 24. Rd2 O-O 25. Qd1 Kh8 26. Qh5 f5 27. Qh6 Re8 28.
Rad1 exd5 29. Nxf5 Qg6 30. Qxg6 hxg6 31. Nd6 Re7 32. exd5 Ba8 33. Na5 Rd7 34.
Ne4 Ra3 35. Nc6 Nc3 36. Nf6 Rd6 37. Ne8 Nxd1 38. Nxd6 Nxf2 39. Nxa7 1-0

[Event "Oberliga Ost A"]
[Site "?"]
[Date "2022.04.02"]
[Round "10.6"]
[White "Luther, Juergen"]
[Black "Kalkhof, Stefan"]
[Result "0-1"]
[WhiteElo "2115"]
[BlackElo "2197"]
[PlyCount "50"]
[EventDate "2021.10.10"]
[EventType "team-tourn"]
[EventCountry "GER"]
[WhiteTeam "Halle USV"]
[BlackTeam "Leipzig SG"]
[WhiteTeamCountry "GER"]
[BlackTeamCountry "GER"]

1. d4 d6 2. e4 Nf6 3. Nc3 e5 4. dxe5 dxe5 5. Qxd8+ Kxd8 6. Bg5 Be6 7. O-O-O+
Nbd7 8. Nf3 Kc8 9. a3 c6 10. h3 Kc7 11. Be3 h6 12. Bd3 Be7 13. Rhe1 b5 14. Nd2
g5 15. Bf1 a5 16. Ncb1 Nc5 17. f3 Nh5 18. b3 Nf4 19. Kb2 h5 20. g4 Rad8 21. Bg1
Rd7 22. Re3 hxg4 23. hxg4 Rh1 24. Bd3 Ncxd3+ 25. cxd3 Bc5 0-1

[Event "Oberliga Ost A"]
[Site "?"]
[Date "2022.04.02"]
[Round "10.8"]
[White "Perekhozhuk, Maksym"]
[Black "Peters, Andreas"]
[Result "1/2-1/2"]
[WhiteElo "1978"]
[BlackElo "2254"]
[PlyCount "117"]
[EventDate "2021.10.10"]
[EventType "team-tourn"]
[EventCountry "GER"]
[WhiteTeam "Halle USV"]
[BlackTeam "Leipzig SG"]
[WhiteTeamCountry "GER"]
[BlackTeamCountry "GER"]

1. e4 e6 2. d4 d5 3. Nc3 Nf6 4. e5 Nfd7 5. f4 c5 6. Nf3 Nc6 7. Ne2 f6 8. c3 Qb6
9. a3 Be7 10. b4 cxd4 11. cxd4 O-O 12. Nc3 fxe5 13. Na4 Qc7 14. dxe5 Ndxe5 15.
fxe5 Rxf3 16. Qxf3 Qxe5+ 17. Be2 Qxa1 18. O-O Qf6 19. Qg3 Qe5 20. Qf2 Bf6 21.
Nc5 Qd4 22. Be3 Qxe3 23. Qxe3 Bd4 24. Rf3 e5 25. b5 b6 26. Nb3 Bxe3+ 27. Rxe3
Ne7 28. Rxe5 Kf7 29. Bf3 Bb7 30. Nd4 g6 31. Ne6 Kf6 32. Re1 Rc8 33. g4 h6 34.
h4 Ba8 35. g5+ hxg5 36. Nxg5 Nf5 37. Re6+ Kg7 38. h5 Nh4 39. Bg4 Rc3 40. Be2
Rg3+ 41. Kf2 Rxg5 42. Re7+ Kh6 43. Rxa7 Rf5+ 44. Kg3 Re5 45. Kxh4 Rxe2 46. Rxa8
Re4+ 47. Kg3 Kxh5 48. Rb8 g5 49. Rxb6 Re3+ 50. Kf2 Rxa3 51. Rd6 Kh4 52. Rxd5
Rb3 53. Rc5 g4 54. Kg2 Rb2+ 55. Kg1 Kh3 56. Rc3+ g3 57. Rc1 Rxb5 58. Re1 Rb2
59. Rc1 1/2-1/2

[Event "Oberliga Ost A"]
[Site "?"]
[Date "2022.04.02"]
[Round "10.1"]
[White "Schunk, Thomas"]
[Black "Strache, Michael"]
[Result "1/2-1/2"]
[WhiteElo "2143"]
[BlackElo "2302"]
[PlyCount "81"]
[EventDate "2021.10.10"]
[EventType "team-tourn"]
[EventCountry "GER"]
[WhiteTeam "Leipzig SG II"]
[BlackTeam "Sangerhausen SV"]
[WhiteTeamCountry "GER"]
[BlackTeamCountry "GER"]

1. c4 f5 2. g3 Nf6 3. Bg2 g6 4. Nc3 Bg7 5. d4 O-O 6. Nh3 d6 7. O-O Qe8 8. Bg5
e5 9. Nb5 Na6 10. dxe5 dxe5 11. Bxf6 Bxf6 12. Qd2 Qe7 13. Rad1 c6 14. Nd6 Be6
15. Qa5 Rad8 16. c5 e4 17. Nf4 Bf7 18. f3 exf3 19. exf3 Qe3+ 20. Kh1 Qxc5 21.
Nxb7 Qxa5 22. Nxa5 c5 23. b3 Nb4 24. Nb7 Rxd1 25. Rxd1 Bd4 26. Nd6 Nxa2 27.
Nxf7 Kxf7 28. Bf1 Rd8 29. Bc4+ Kf6 30. Re1 Rd7 31. Re6+ Kg7 32. Re8 Nb4 33. Rc8
Kf6 34. h4 Ke5 35. h5 g5 36. Ne6 Be3 37. Nxc5 Rd1+ 38. Kg2 Rd2+ 39. Kh1 Rd1+
40. Kh2 Rd2+ 41. Kh1 1/2-1/2

[Event "Oberliga Ost A"]
[Site "?"]
[Date "2022.04.02"]
[Round "10.2"]
[White "Hellwig, Tobias"]
[Black "Pietzsch, Manuel"]
[Result "1/2-1/2"]
[WhiteElo "2228"]
[BlackElo "2134"]
[PlyCount "58"]
[EventDate "2021.10.10"]
[EventType "team-tourn"]
[EventCountry "GER"]
[WhiteTeam "Sangerhausen SV"]
[BlackTeam "Leipzig SG II"]
[WhiteTeamCountry "GER"]
[BlackTeamCountry "GER"]

1. d4 Nf6 2. c4 g6 3. Nc3 Bg7 4. Nf3 O-O 5. g3 d6 6. Bg2 Nbd7 7. O-O e5 8. b3
Re8 9. Bb2 e4 10. Ng5 e3 11. f4 h6 12. Nf3 Ng4 13. Qc1 Ndf6 14. Ne1 Nf2 15. Nc2
Nh3+ 16. Kh1 Nf2+ 17. Kg1 Nh3+ 18. Bxh3 Bxh3 19. Rf3 d5 20. Rxe3 dxc4 21. bxc4
Qd7 22. d5 Ng4 23. Rxe8+ Rxe8 24. e3 Qe7 25. Ba3 Qf6 26. Bb2 Qe7 27. Ba3 Qf6
28. Bb2 Qb6 29. Nd1 Bxb2 1/2-1/2

[Event "Oberliga Ost A"]
[Site "?"]
[Date "2022.04.02"]
[Round "10.3"]
[White "Schultz, Andreas"]
[Black "Heyder, Florian"]
[Result "1/2-1/2"]
[WhiteElo "2182"]
[BlackElo "2215"]
[PlyCount "76"]
[EventDate "2021.10.10"]
[EventType "team-tourn"]
[EventCountry "GER"]
[WhiteTeam "Leipzig SG II"]
[BlackTeam "Sangerhausen SV"]
[WhiteTeamCountry "GER"]
[BlackTeamCountry "GER"]

1. d4 d5 2. c4 e6 3. Nc3 Nf6 4. cxd5 exd5 5. Bg5 Be7 6. e3 O-O 7. Bd3 c6 8. Qc2
h6 9. Bh4 Re8 10. Nge2 Nbd7 11. f3 c5 12. O-O-O c4 13. Bf5 Qa5 14. Be1 Nf8 15.
g4 g6 16. Bxc8 Raxc8 17. Rg1 Qd8 18. e4 dxe4 19. fxe4 Qd7 20. h3 b5 21. e5 N6h7
22. Ne4 Ng5 23. Nxg5 hxg5 24. a3 Qb7 25. Bb4 Bxb4 26. axb4 Qe7 27. Nc3 Red8 28.
Nxb5 Qxb4 29. Nd6 c3 30. Nxc8 Rxc8 31. Kb1 Ne6 32. Rg3 Nxd4 33. Rxc3 Nxc2 34.
Rxc8+ Kg7 35. Rxc2 Qe4 36. Rd7 Qe1+ 37. Ka2 Qa5+ 38. Kb1 Qe1+ 1/2-1/2

[Event "Oberliga Ost A"]
[Site "?"]
[Date "2022.04.02"]
[Round "10.4"]
[White "Guenther, Christian"]
[Black "Roemling, Sven"]
[Result "0-1"]
[WhiteElo "2146"]
[BlackElo "2203"]
[PlyCount "48"]
[EventDate "2021.10.10"]
[EventType "team-tourn"]
[EventCountry "GER"]
[WhiteTeam "Sangerhausen SV"]
[BlackTeam "Leipzig SG II"]
[WhiteTeamCountry "GER"]
[BlackTeamCountry "GER"]

1. d4 Nf6 2. c4 g6 3. Nc3 Bg7 4. e4 O-O 5. f4 d6 6. Nf3 Bg4 7. Be2 Nbd7 8. h3
Bxf3 9. Bxf3 e5 10. fxe5 dxe5 11. d5 Ne8 12. O-O c5 13. Bg4 Nd6 14. Qd3 f5 15.
exf5 e4 16. Qg3 Nxc4 17. Nxe4 Nde5 18. Nc3 Qf6 19. Bf4 Nxg4 20. hxg4 g5 21. Be3
b6 22. Ne4 Qe7 23. f6 Qxe4 24. Bxg5 Qd4+ 0-1

[Event "Oberliga Ost A"]
[Site "?"]
[Date "2022.04.02"]
[Round "10.5"]
[White "Haufe, Laurin"]
[Black "Richter, Dustin"]
[Result "1/2-1/2"]
[WhiteElo "2074"]
[BlackElo "2145"]
[PlyCount "93"]
[EventDate "2021.10.10"]
[EventType "team-tourn"]
[EventCountry "GER"]
[WhiteTeam "Leipzig SG II"]
[BlackTeam "Sangerhausen SV"]
[WhiteTeamCountry "GER"]
[BlackTeamCountry "GER"]

1. e4 c5 2. Nf3 e6 3. d4 cxd4 4. Nxd4 Nc6 5. Be3 Nf6 6. Nc3 Qc7 7. Qf3 Bb4 8.
Ndb5 Qa5 9. O-O-O O-O 10. a3 Be7 11. Bf4 e5 12. Bd2 Qd8 13. Nd5 Nxd5 14. exd5
Nd4 15. Nxd4 exd4 16. Bc4 d6 17. Bf4 Qb6 18. Rhe1 Bf6 19. Qg3 Bf5 20. Bg5 Bxg5+
21. Qxg5 Rac8 22. b3 Bg6 23. Qd2 d3 24. c3 Qc5 25. Kb2 b5 26. Bxd3 Bxd3 27.
Qxd3 Qxf2+ 28. Re2 Qf6 29. Qd4 Qh6 30. h3 a5 31. Qb6 a4 32. Qxb5 axb3 33. Rd4
Rb8 34. Qd3 Qf6 35. Rb4 Ra8 36. Rxb3 h6 37. Rb4 Rfc8 38. Qd4 Qf1 39. Qf2 Qd1
40. Qf3 Qg1 41. Rf2 Ra7 42. Rb3 Rac7 43. Rc2 Re7 44. Qf2 Qd1 45. Rd2 Qh5 46.
Qf4 Re2 47. Rb6 1/2-1/2

[Event "Oberliga Ost A"]
[Site "?"]
[Date "2022.04.02"]
[Round "10.6"]
[White "Buerckner, Georg"]
[Black "Limpert, Michael"]
[Result "1/2-1/2"]
[WhiteElo "2039"]
[BlackElo "2119"]
[PlyCount "55"]
[EventDate "2021.10.10"]
[EventType "team-tourn"]
[EventCountry "GER"]
[WhiteTeam "Sangerhausen SV"]
[BlackTeam "Leipzig SG II"]
[WhiteTeamCountry "GER"]
[BlackTeamCountry "GER"]

1. e4 c6 2. c4 d5 3. cxd5 cxd5 4. exd5 Nf6 5. d4 Nxd5 6. Nf3 Nc6 7. Nc3 e6 8.
Bd3 Be7 9. O-O Ncb4 10. Bb1 Nf6 11. a3 Nbd5 12. Qd3 h6 13. Ne5 Bd7 14. Qg3 Kf8
15. Ne4 Rc8 16. Bd2 Bc6 17. Re1 Qb6 18. Bc3 Nxc3 19. bxc3 Qa5 20. Nd2 Bd5 21.
Bg6 Bd6 22. Bxf7 Bxe5 23. dxe5 Kxf7 24. exf6 gxf6 25. Qf4 Rhg8 26. Ne4 Bxe4 27.
Qxe4 Qd5 28. Qxd5 1/2-1/2

[Event "Oberliga Ost A"]
[Site "?"]
[Date "2022.04.02"]
[Round "10.7"]
[White "Greger, Ubald"]
[Black "Markus, Nico"]
[Result "1-0"]
[WhiteElo "2121"]
[BlackElo "1707"]
[PlyCount "63"]
[EventDate "2021.10.10"]
[EventType "team-tourn"]
[EventCountry "GER"]
[WhiteTeam "Leipzig SG II"]
[BlackTeam "Sangerhausen SV"]
[WhiteTeamCountry "GER"]
[BlackTeamCountry "GER"]

1. e4 e5 2. Nf3 Nf6 3. d3 Nc6 4. Be2 d5 5. Nbd2 dxe4 6. dxe4 Be7 7. c3 O-O 8.
b4 a6 9. O-O Bg4 10. Qc2 Qc8 11. Nc4 Nd7 12. Ne3 Be6 13. a3 Rd8 14. Nd5 f6 15.
Bc4 Nb6 16. Nxb6 cxb6 17. Qa2 Kf7 18. Bd5 Bd6 19. Be3 Bc7 20. c4 Ne7 21. Rac1
Rb8 22. Rfd1 Ke8 23. c5 Bxd5 24. exd5 bxc5 25. bxc5 e4 26. Ne1 Ba5 27. d6 Bxe1
28. Rxe1 Nf5 29. Qg8+ Kd7 30. c6+ bxc6 31. Qf7+ Kxd6 32. Bf4# 1-0

[Event "Oberliga Ost A"]
[Site "?"]
[Date "2022.04.02"]
[Round "10.1"]
[White "Burian, Simon"]
[Black "Mueller, Dominik"]
[Result "0-1"]
[WhiteElo "2172"]
[BlackElo "2211"]
[PlyCount "46"]
[EventDate "2021.10.10"]
[EventType "team-tourn"]
[EventCountry "GER"]
[WhiteTeam "Plauen SK Koenig"]
[BlackTeam "Magdeburg SV Rochade"]
[WhiteTeamCountry "GER"]
[BlackTeamCountry "GER"]

{[%evp 0,24,41,42,41,51,91,86,88,49,49,-21,6,6,58,50,49,-92,-74,-80,-16,-49,23,
25,215,-57,-94]} 1. e4 c5 2. Nf3 d6 3. d4 cxd4 4. Nxd4 Nf6 5. f3 e5 6. Nb3 a5
7. Bg5 Be7 8. c4 a4 9. Nc1 Qb6 10. Qe2 a3 11. Nxa3 Nxe4 12. Bxe7 Rxa3 13. Nb3
Qb4+ 14. Nd2 Qxb2 15. Qxe4 Qxa1+ 16. Qb1 Qd4 17. Bxd6 Qxd6 18. Ne4 Qe7 19. c5
O-O 20. Qb2 Re3+ 21. Be2 Rxe4 22. fxe4 Qxc5 23. Rf1 Nc6 0-1

[Event "Oberliga Ost A"]
[Site "?"]
[Date "2022.04.02"]
[Round "10.2"]
[White "Stolz, Mike"]
[Black "Zaehringer, Daniel"]
[Result "1-0"]
[WhiteElo "2339"]
[BlackElo "2137"]
[PlyCount "97"]
[EventDate "2021.10.10"]
[EventType "team-tourn"]
[EventCountry "GER"]
[WhiteTeam "Magdeburg SV Rochade"]
[BlackTeam "Plauen SK Koenig"]
[WhiteTeamCountry "GER"]
[BlackTeamCountry "GER"]

1. e4 e5 2. Nf3 Nf6 3. d3 Nc6 4. g3 d5 5. Nbd2 Bc5 6. Bg2 O-O 7. O-O Re8 8. c3
a5 9. Qc2 a4 10. Rb1 Bb6 11. b4 axb3 12. axb3 d4 13. Nc4 Ba7 14. Bb2 Bg4 15.
Ncd2 h6 16. b4 dxc3 17. Bxc3 Rc8 18. Rfe1 Bxf3 19. Nxf3 Bd4 20. Bh3 Ra8 21.
Rec1 Ra3 22. Nxd4 Nxd4 23. Bxd4 Qxd4 24. Rb3 Rxb3 25. Qxb3 c6 26. b5 Rd8 27.
bxc6 bxc6 28. Rxc6 Qxd3 29. Qxd3 Rxd3 30. Rc5 Rd1+ 31. Kg2 g5 32. Bf5 Kg7 33.
Rxe5 Rd4 34. Kf3 Rd3+ 35. Ke2 Rd4 36. Re7 Rb4 37. e5 Nd5 38. Rd7 Nb6 39. Rb7
Kf8 40. Kf3 Ke8 41. e6 Nd5 42. Rxf7 Ne7 43. Be4 Rb6 44. Rf6 Ng8 45. Rg6 Rb3+
46. Kg4 Kf8 47. Rxg8+ Kxg8 48. e7 Rb8 49. Bg6 1-0

[Event "Oberliga Ost A"]
[Site "?"]
[Date "2022.04.02"]
[Round "10.3"]
[White "Kuraszkiewicz, Michael"]
[Black "Niering, Martin"]
[Result "0-1"]
[WhiteElo "2275"]
[BlackElo "2166"]
[PlyCount "82"]
[EventDate "2021.10.10"]
[EventType "team-tourn"]
[EventCountry "GER"]
[WhiteTeam "Plauen SK Koenig"]
[BlackTeam "Magdeburg SV Rochade"]
[WhiteTeamCountry "GER"]
[BlackTeamCountry "GER"]

1. e4 e5 2. Nf3 Nc6 3. Bc4 Nf6 4. d3 Bc5 5. O-O O-O 6. Re1 d6 7. c3 a5 8. a4
Bb6 9. Nbd2 Ng4 10. Re2 Kh8 11. h3 Nh6 12. Nf1 f5 13. exf5 Bxf5 14. Ng5 d5 15.
Bb3 Ng8 16. Ng3 Bc8 17. d4 e4 18. N3xe4 h6 19. Ng3 hxg5 20. Bc2 Qf6 21. Nh5 Qh6
22. g4 g6 23. Ng3 Qxh3 24. Qd3 Bxg4 25. Re3 Qh7 26. Bd2 Rae8 27. Rxe8 Rxe8 28.
Bxg5 Nce7 29. Re1 Rf8 30. Qe3 Rf7 31. Bf4 Qh3 32. f3 Bf5 33. Re2 Bxc2 34. Rxc2
Qd7 35. Be5+ Nf6 36. Rh2+ Kg8 37. Qg5 Nh7 38. Qh6 c6 39. Rh4 Bc7 40. Rg4 Bxe5
41. dxe5 Rxf3 0-1

[Event "Oberliga Ost A"]
[Site "?"]
[Date "2022.04.02"]
[Round "10.4"]
[White "Kahe, Ralph"]
[Black "Kunze, Carlo"]
[Result "0-1"]
[WhiteElo "2170"]
[BlackElo "2267"]
[PlyCount "142"]
[EventDate "2021.10.10"]
[EventType "team-tourn"]
[EventCountry "GER"]
[WhiteTeam "Magdeburg SV Rochade"]
[BlackTeam "Plauen SK Koenig"]
[WhiteTeamCountry "GER"]
[BlackTeamCountry "GER"]

1. d4 Nf6 2. c4 e6 3. Nc3 Bb4 4. f3 O-O 5. e4 d6 6. Nge2 e5 7. a3 exd4 8. axb4
dxc3 9. bxc3 Nc6 10. Nf4 Re8 11. Be2 Ne5 12. O-O Be6 13. Nd5 Nxd5 14. cxd5 Bd7
15. f4 Ng6 16. Qd4 f5 17. Bd3 fxe4 18. Bxe4 Qf6 19. Qxf6 gxf6 20. Bd3 Ne7 21.
c4 Bf5 22. Ra3 Bxd3 23. Rxd3 b5 24. cxb5 Rab8 25. Rg3+ Kf7 26. Rh3 Rh8 27. Ra3
Rxb5 28. Rxa7 Nxd5 29. Bd2 Re8 30. Re1 Rxe1+ 31. Bxe1 Ke6 32. g3 Kf5 33. Kf2
Ke4 34. Ke2 h5 35. Bd2 Rb8 36. Ra4 Kd4 37. Kf3 Kd3 38. Be1 Re8 39. Ra3+ Kc4 40.
Bd2 f5 41. h3 Re7 42. Ra5 Re4 43. Ra3 Re8 44. Ra5 Re7 45. Kf2 Nf6 46. Kf3 Ne4
47. Be1 d5 48. Bf2 d4 49. Bxd4 Kxd4 50. Rxf5 Nd2+ 51. Kf2 Rg7 52. g4 hxg4 53.
hxg4 Rxg4 54. Rf7 c6 55. Rd7+ Kc3 56. f5 Rxb4 57. Kg3 Ne4+ 58. Kf3 c5 59. Rd5
Rc4 60. Ke3 Nf6 61. Rd6 Ng4+ 62. Kf3 Ne5+ 63. Ke3 Rd4 64. Re6 Ng4+ 65. Kf3 c4
66. f6 Nxf6 67. Rxf6 Kd3 68. Re6 c3 69. Re3+ Kd2 70. Re2+ Kd1 71. Ke3 Re4+ 0-1

[Event "Oberliga Ost A"]
[Site "?"]
[Date "2022.04.02"]
[Round "10.5"]
[White "Sandner, Gunter"]
[Black "Horvath, Julia"]
[Result "1-0"]
[WhiteElo "2257"]
[BlackElo "2173"]
[PlyCount "119"]
[EventDate "2021.10.10"]
[EventType "team-tourn"]
[EventCountry "GER"]
[WhiteTeam "Plauen SK Koenig"]
[BlackTeam "Magdeburg SV Rochade"]
[WhiteTeamCountry "GER"]
[BlackTeamCountry "GER"]

{[%evp 0,58,41,21,21,-11,38,26,30,-4,41,31,20,6,22,2,48,16,72,71,81,59,45,47,7,
2,86,31,42,23,31,38,48,35,0,-7,79,115,98,98,91,88,88,88,51,-14,200,321,312,339,
385,106,137,137,200,137,309,309,169,173,180]} 1. d4 d5 2. c4 c6 3. Nf3 Nf6 4.
Nc3 g6 5. g3 Bg7 6. Bg2 O-O 7. O-O Ne4 8. Qb3 e6 9. Bf4 f5 10. cxd5 exd5 11.
Nxe4 fxe4 12. Ne5 Kh8 13. f3 exf3 14. Rxf3 Nd7 15. Bg5 Qb6 16. Nf7+ Kg8 17.
Raf1 Qxd4+ 18. Be3 Qc4 19. Qa3 c5 20. Nd6 Qxe2 21. Rxf8+ Nxf8 22. Bxd5+ Kh8 23.
Nf7+ Kg8 24. Ng5+ Kh8 25. Qb3 h6 26. Nf7+ Kh7 27. Nd6 Be6 28. Bxe6 Nxe6 29.
Qxe6 Rd8 30. Ne8 Rd2 31. Nf6+ Bxf6 32. Qf7+ Bg7 33. Bxd2 Qxd2 34. Qxb7 Qd4+ 35.
Kg2 h5 36. b3 Kh6 37. Qf3 Qd2+ 38. Rf2 Qa5 39. Re2 Qa6 40. Rc2 Bd4 41. Qf4+ Kg7
42. Qe4 Qa5 43. Re2 Qc3 44. Qe7+ Kh6 45. Qf8+ Bg7 46. Qf3 Qa1 47. Qe3+ Kh7 48.
Qxc5 a6 49. Qc2 Qf6 50. Qc7 Qf5 51. Qf4 Qd7 52. Rd2 Qc6+ 53. Qf3 Qe6 54. Rc2
Qd6 55. h4 a5 56. Kh2 Qe5 57. Rc6 Qb2+ 58. Qg2 Qe5 59. Qc2 Qe8 60. Rc5 1-0

[Event "Oberliga Ost A"]
[Site "?"]
[Date "2022.04.02"]
[Round "10.6"]
[White "Schulze, Nick"]
[Black "Pfretzschner, Roland"]
[Result "1/2-1/2"]
[WhiteElo "1953"]
[BlackElo "2212"]
[PlyCount "46"]
[EventDate "2021.10.10"]
[EventType "team-tourn"]
[EventCountry "GER"]
[WhiteTeam "Magdeburg SV Rochade"]
[BlackTeam "Plauen SK Koenig"]
[WhiteTeamCountry "GER"]
[BlackTeamCountry "GER"]

1. e4 c6 2. d4 d5 3. Nc3 dxe4 4. Nxe4 Bf5 5. Ng3 Bg6 6. h4 h6 7. Nf3 Nd7 8. h5
Bh7 9. Bd3 Bxd3 10. Qxd3 e6 11. Bd2 Ngf6 12. O-O-O Be7 13. Ne4 Nxe4 14. Qxe4
Nf6 15. Qe2 Qd5 16. c4 Qe4 17. Qxe4 Nxe4 18. Be3 O-O 19. Ne5 Rfd8 20. g4 c5 21.
f3 cxd4 22. Rxd4 Rxd4 23. Bxd4 Nd6 1/2-1/2